| 000 | 01265nam0a22003011 4500 | ||
|---|---|---|---|
| 001 | rc\2357956 | ||
| 005 | 20110829153739.6 | ||
| 035 | _a(NLR Aleph) 006684134 | ||
| 090 |
_a5102189 _c5102189 |
||
| 100 | _a20110829d1977 |||y0rusy50 ca | ||
| 101 | 0 | _arus | |
| 102 | _aRU | ||
| 105 | _aab z ||||| | ||
| 200 | 1 |
_aРазломы земной коры _e[Материалы совещ. _fРед. коллегия: М.В. Муратов (отв. ред.) и др.] |
|
| 210 |
_aМосква _cНаука _d1977 |
||
| 215 |
_a190 с., 2 отд. л. карт. _cил., карт. _d26 |
||
| 300 | _aВ надзаг.: АН СССР, Отд-ние геологии, геофизики и геохимии, Междувед. тектон. ком. | ||
| 320 | _aСписки лит. в конце докл. | ||
| 606 |
_aРазломы глубинные _jСборники _2rkp |
||
| 702 | 1 |
_aМуратов _bМ. В. _gМихаил Владимирович _4340 |
|
| 712 | 1 | 2 |
_aВсесоюзное тектоническое совещ. _f1976 _eМосква _3RU\NLR\AUTH\8810038769 |
| 801 | 0 |
_aRU _bNLR _gpsbo |
|
| 801 | 1 |
_aRU _bELAR _2rusmarc |
|
| 852 |
_aNLR _j77-7/1632 |
||
| 899 |
_aRuMoRGB _jБ 77-13/247 |
||
| 899 |
_aRuMoRGB _jБ 77-13/248 |
||
| 942 | _cBOOK | ||
| 980 | _aNB | ||